El mundo de las letras: introducción al estudio de la obra literaria
Guardat en:
| Autors principals: | , |
|---|---|
| Format: | Llibre |
| Idioma: | espanyol |
| Publicat: |
Santiago
Universitaria
1972
|
| Edició: | 2a. ed |
| Col·lecció: | Colección Libros para el Estudiante
|
| Matèries: | |
| Etiquetes: |
Afegir etiqueta
Sense etiquetes, Sigues el primer a etiquetar aquest registre!
|
MARC
| LEADER | 00000nam a2200000 a 4500 | ||
|---|---|---|---|
| 001 | UCW3281 | ||
| 003 | CL-VaPUC | ||
| 008 | 880610e19720000CL |||||||||||||||||spa|d | ||
| 082 | 0 | 4 | |a 801.95 |b VOD |2 21 |
| 100 | |a Vodička, Félix V. |e autor |9 307437 | ||
| 700 | 0 | |a Belic, Oldrich |e author |9 307438 | |
| 245 | 1 | 3 | |a El mundo de las letras: introducción al estudio de la obra literaria |
| 250 | |a 2a. ed | ||
| 300 | |a 134 p | ||
| 942 | |c BK | ||
| 945 | |d 19880610 00:00:00 | ||
| 260 | |a Santiago |b Universitaria |c 1972 | ||
| 650 | 0 | |a Crítica literaria |9 269189 | |
| 650 | 0 | |a Literatura |9 259151 | |
| 650 | 0 | |a Historia |9 255047 | |
| 583 | |a last modification |c 19880610 00:00:00 |k Rodrigo Vera | ||
| 490 | 0 | |a Colección Libros para el Estudiante | |
| 999 | |c 217372 |d 217370 | ||
| 952 | |0 0 |1 0 |4 0 |6 801_950000000000000_VOD_1972 |7 0 |8 A |9 204786 |a BIBEDU |b BIBEDU |d 2019-11-15 |i 2725878 |o 801.95 VOD 1972 |p 2725878 |r 2019-11-15 |w 2019-11-15 |y BK |k LIT | ||
| 952 | |0 0 |1 0 |4 0 |6 801_950000000000000_VOD_1972 |7 0 |8 A |9 204787 |a BIBEDU |b BIBEDU |d 2019-11-15 |i 2725886 |o 801.95 VOD 1972 |p 2725886 |r 2019-11-15 |w 2019-11-15 |y BK |k EDU | ||
| 952 | |0 0 |1 0 |4 0 |6 801_950000000000000_VOD_1972 |7 0 |8 A |9 204788 |a BIBEDU |b BIBEDU |d 2019-11-15 |i 2725894 |o 801.95 VOD 1972 |p 2725894 |r 2019-11-15 |w 2019-11-15 |y BK |k LIT | ||
| 952 | |0 0 |1 0 |4 0 |6 801_950000000000000_VOD_1972 |7 0 |8 A |9 204789 |a BIBEDU |b BIBEDU |d 2019-11-15 |i 1553356 |o 801.95 VOD 1972 |p 1553356 |r 2019-11-15 |w 2019-11-15 |y BK |k EDU | ||
| 952 | |0 0 |1 0 |4 0 |6 801_950000000000000_VOD_1972 |7 0 |8 A |9 204790 |a BIBEDU |b BIBEDU |d 2019-11-15 |i 1553364 |o 801.95 VOD 1972 |p 1553364 |r 2019-11-15 |w 2019-11-15 |y BK |k EDU | ||
| 952 | |0 0 |1 0 |4 0 |6 801_950000000000000_VOD_1972 |7 0 |8 A |9 204791 |a BIBEDU |b BIBEDU |d 2019-11-15 |i 1553372 |o 801.95 VOD 1972 |p 1553372 |r 2019-11-15 |w 2019-11-15 |y BK |k EDU | ||
| 952 | |0 0 |1 0 |4 0 |6 801_950000000000000_VOD_1972 |7 0 |8 A |9 204792 |a BIBEDU |b BIBEDU |d 2019-11-15 |i 1553380 |o 801.95 VOD 1972 |p 1553380 |r 2019-11-15 |w 2019-11-15 |y BK |k EDU | ||
| 952 | |0 0 |1 0 |4 0 |6 801_950000000000000_VOD_1972 |7 0 |8 A |9 204793 |a BIBEDU |b BIBEDU |d 2019-11-15 |i 1553399 |o 801.95 VOD 1972 |p 1553399 |r 2019-11-15 |w 2019-11-15 |y BK |k EDU | ||
| 952 | |0 0 |1 0 |4 0 |6 801_950000000000000_VOD_1972 |7 0 |8 A |9 204794 |a BIBEDU |b BIBEDU |d 2019-11-15 |i 1553402 |o 801.95 VOD 1972 |p 1553402 |r 2019-11-15 |w 2019-11-15 |y BK |k EDU | ||
| 952 | |0 0 |1 0 |4 0 |6 801_950000000000000_VOD_1972 |7 0 |8 A |9 204795 |a BIBEDU |b BIBEDU |d 2019-11-15 |i 1553410 |o 801.95 VOD 1972 |p 1553410 |r 2019-11-15 |w 2019-11-15 |y BK |k EDU | ||